Development, characterization and cross-species/genera transferability of EST-SSR markers for rubber tree (Hevea brasiliensis) (Record no. 57085)

MARC details
000 -LEADER
fixed length control field 00688nam a2200217Ia 4500
100 ## - MAIN ENTRY--AUTHOR NAME
Personal name Feng S P
245 #0 - TITLE STATEMENT
Title Development, characterization and cross-species/genera transferability of EST-SSR markers for rubber tree (Hevea brasiliensis)
260 ## - PUBLICATION, DISTRIBUTION, ETC. (IMPRINT)
Name of publisher Molecular Breeding
Year of publication 2009
300 ## - PHYSICAL DESCRIPTION
Number of Pages 85-97
650 ## - SUBJECT ADDED ENTRY--TOPICAL TERM
Topical Term Cross-species/genera transferability
650 ## - SUBJECT ADDED ENTRY--TOPICAL TERM
Topical Term Expressed sequence tag derived simple sequence repeats (EST-SSRs)
650 ## - SUBJECT ADDED ENTRY--TOPICAL TERM
Topical Term Genetic diversity
650 ## - SUBJECT ADDED ENTRY--TOPICAL TERM
Topical Term Hevea brasiliensis
650 ## - SUBJECT ADDED ENTRY--TOPICAL TERM
Topical Term Polymorphism
700 ## - ADDED ENTRY--PERSONAL NAME
Personal name Huang H S
700 ## - ADDED ENTRY--PERSONAL NAME
Personal name Li W G
700 ## - ADDED ENTRY--PERSONAL NAME
Personal name Wang J Y
700 ## - ADDED ENTRY--PERSONAL NAME
Personal name Wu Y T
942 ## - ADDED ENTRY ELEMENTS (KOHA)
Koha item type Journals
Holdings
Withdrawn status Lost status Damaged status Not for loan Home library Current library Shelving location Date acquired Serial Enumeration / chronology Koha item type
      Journals RRII Library RRII Library Crop imporvement 10/08/2009 Volume 23, Issue 1 Journals